000 01632nam a2200301 a 4500
001 BRCA_2419
005 20190320203811.0
008 131108s1764----sp-a---###---#000-0dspa-u
041 _aspa
044 _asp
084 _a060
_b.A46
_c1764
100 1 _aCervantes Saavedra, Miguel de
_d1547-1616
_9213
245 1 0 _aVida y Hechos del Ingenioso Caballero D. Quixote de la Mancha
_ccompuesto por Miguel de Cervantes Saavedra.
260 _aMadrid
_bPedro Alonso y Padilla
_c1764
300 _a2 v.
_bil.
_c21 cm.
500 _aContenido : v 1. Primera parte. Versos preliminares. Dedicatoria a D. Quijote por Cide Hamete Benengeli. Licencia. Prólogo del autor. Vida de Cervantes por Mayáns. Texto. -- v 2. Segunda parte. Versos preliminares. Algunas poesías de los académicos de Argamacilla. Aprobación de Márquez Torres. Prologo del autor. Texto
500 _aEdición : Nueva edición, corregida e ilustrada con 44 láminas muy apropiadas a la materia. Dedicada al mismo D. Quixote por su Chronista
500 _aCopia de la edición del mismo editor de 1751, pero en papel mejor. Ejemplar bastante bien conservado; piel, lomos adornados con filetes y florones dorados Lúdovik Osterc
500 _aQM47
650 1 4 _aNovela española
_yÉpoca clásica, 1500-1700
_9215
650 1 4 _aLiteratura española
_yÉpoca clásica, 1500-1700
_9216
650 1 4 _aNovela española
_ySiglo XVII
_9217
650 1 4 _aDon Quijote (Personaje ficticio)
_eNovela
_9218
700 1 _aMayáns I Síscar, Gregorio
_d1699-1781
_eBiógrafo
_97102
740 0 _aEl Ingenioso Hidalgo Don Quijote de la Mancha
902 _aQFM
942 _2lcc
_cB
999 _c2160
_d2160